Seminario el desarrollo patagónico y la ordenación territorial : 10 al 12 de noviembre de 1993. Bariloche ... /

Guardado en:
Formato: Libro
Idioma:Spanish
Publicado: Universidad Nacional del Comahue, 1993.
Etiquetas: Agregar Etiqueta
Sin Etiquetas, Sea el primero en etiquetar este registro!
LEADER 00652nam a22001215a 4500
001 EEA.libagro005487
005 20180627091643.0
008 130809s1993####ag############000#0#spa#d
082 0 4 |a 338.9827 
245 1 0 |a Seminario el desarrollo patagónico y la ordenación territorial :  |b 10 al 12 de noviembre de 1993. Bariloche ... /  |c Presidencia de la Nación. Secretaría General. Subsecretaría de Acción de Gobierno, Comisión Nacional para la Promoción y Desarrollo de la Región Patagónica. Universidad Nacional del Comahue. 
260 |b Universidad Nacional del Comahue,  |c 1993. 
300 |a 122 p. ;  |c 22 cm. 
859 |a AR-BbBCA  |b BIB. AGRONOMIA  |h 338.9827  |i A691  |p 1996/2801